Energetická náročnosť Starej budovy Fakulty chemickej a potravinárskej technológie Slovenskej technickej univerzity v Bratislave: posúdenie aktuálneho stavu a návrhy na riešenie

Salvato in:
Dettagli Bibliografici
Autore principale: Ondra, Daniel (Autore)
Altri autori: Lukeš, Vladimír (Relatore della tesi)
Natura: Manoscritto Libro
Lingua:slovacco
Pubblicazione: 2019
Soggetti:
Accesso online:http://is.stuba.sk/zp/portal_zp.pl?podrobnosti=149051
Tags: Aggiungi Tag
Nessun Tag, puoi essere il primo ad aggiungerne!!

MARC

LEADER 00000ntm a22000003a 4500
001 stuzp74335
003 SK-STU
005 20190622211707.6
007 ta
008 150427s2015----xo-----f-mn---000-0-slo-d
040 |a STU  |b slo 
041 0 |a slo 
100 1 |a Ondra, Daniel  |u 045280  |4 aut  |U FCHPT Ústav fyzikálnej chémie a chemickej fyziky  |T FCHPT Oddelenie chemickej fyziky  |X 97518  |U C5280  |Y 118  |7 97518 
242 0 1 |a Energy Efficiency of Old Building of The Faculty of Chemical and Food Technology of The Slovak Technical University in Bratislava: Assessment of The Current State and Proposals for Solution  |y eng 
245 1 0 |a Energetická náročnosť Starej budovy Fakulty chemickej a potravinárskej technológie Slovenskej technickej univerzity v Bratislave: posúdenie aktuálneho stavu a návrhy na riešenie 
260 |c 2019 
650 4 |a energetická efektívnosť  |2 slo 
650 4 |a úniky tepla  |2 slo 
650 4 |a spotreba energií  |2 slo 
650 4 |a termokamera  |2 slo 
650 4 |a zatepľovanie  |2 slo 
650 4 |a energy efficiency  |2 eng 
650 4 |a thermal imager  |2 eng 
650 4 |a insulation  |2 eng 
650 4 |a heat leaks  |2 eng 
650 4 |a energy consumption  |2 eng 
700 1 |a Lukeš, Vladimír  |u 045280  |k Z1  |4 ths  |U FCHPT Ústav fyzikálnej chémie a chemickej fyziky  |T FCHPT Oddelenie chemickej fyziky  |X 3916  |U C5280  |Y 118  |7 A000003916 
856 4 |u http://is.stuba.sk/zp/portal_zp.pl?podrobnosti=149051